More Celebrity Identification Quiz Stats

 Plays Quiz not verified by Sporcle

Challenge
Share
Tweet
Score 0/20 Timer 08:00
0 Plays Today
% Correct
Brad Pitt
91.7%
Taylor Swift
91%
David Hasselhoff
90.2%
Tiger Woods
88.7%
Barack Obama
87.2%
Will Smith
86.8%
Morgan Freeman
85.7%
Simon Cowell
81.6%
Vin Diesel
78.9%
Robert Pattinson
78.6%
% Correct
Jerry Seinfeld
77.1%
Tim Allen
76.7%
Woody Harrelson
74.1%
Jake Gyllenhaal
70.7%
Nicolas Cage
70.3%
Henry Winkler
59%
Kaley Cuoco
56%
Matthew McConaughey
53%
Eva Longoria
52.6%
Al Pacino
51.5%

You're not logged in!

Compare scores with friends on all Sporcle quizzes.
OR
Log In

You Might Also Like...

Show Comments

Extras

Curator's Pick Jan 25, 2017ReportNominate
Tags:Celebrity Quiz, identification, trying

Top Quizzes Today


Score Distribution

Your Account Isn't Verified!

In order to create a playlist on Sporcle, you need to verify the email address you used during registration. Go to your Sporcle Settings to finish the process.

Report this User

Report this user for behavior that violates our Community Guidelines.

Details: